<?xml version="1.0" encoding="UTF-8"?><?xml-stylesheet type="text/xsl" href="static/style.xsl"?><OAI-PMH xmlns="http://www.openarchives.org/OAI/2.0/" xmlns:xsi="http://www.w3.org/2001/XMLSchema-instance" xsi:schemaLocation="http://www.openarchives.org/OAI/2.0/ http://www.openarchives.org/OAI/2.0/OAI-PMH.xsd"><responseDate>2026-06-06T04:02:00Z</responseDate><request verb="GetRecord" identifier="oai:riuma.uma.es:10630/29881" metadataPrefix="marc">https://riuma.uma.es/rest/oai/request</request><GetRecord><record><header><identifier>oai:riuma.uma.es:10630/29881</identifier><datestamp>2026-02-03T11:25:50Z</datestamp><setSpec>com_10630_2254</setSpec><setSpec>col_10630_37953</setSpec></header><metadata><record xmlns="http://www.loc.gov/MARC21/slim" xmlns:dcterms="http://purl.org/dc/terms/" xmlns:doc="http://www.lyncode.com/xoai" xmlns:xsi="http://www.w3.org/2001/XMLSchema-instance" xsi:schemaLocation="http://www.loc.gov/MARC21/slim http://www.loc.gov/standards/marcxml/schema/MARC21slim.xsd">
   <leader>00925njm 22002777a 4500</leader>
   <datafield ind2=" " ind1=" " tag="042">
      <subfield code="a">dc</subfield>
   </datafield>
   <datafield ind2=" " ind1=" " tag="720">
      <subfield code="a">Farfán-Aguilar, Miguel Ángel</subfield>
      <subfield code="e">author</subfield>
   </datafield>
   <datafield ind2=" " ind1=" " tag="720">
      <subfield code="a">Aliaga-Samanez, Alisa</subfield>
      <subfield code="e">author</subfield>
   </datafield>
   <datafield ind2=" " ind1=" " tag="720">
      <subfield code="a">Olivero-Anarte, Jesús</subfield>
      <subfield code="e">author</subfield>
   </datafield>
   <datafield ind2=" " ind1=" " tag="720">
      <subfield code="a">Williams, David</subfield>
      <subfield code="e">author</subfield>
   </datafield>
   <datafield ind2=" " ind1=" " tag="720">
      <subfield code="a">Dupain, Jef</subfield>
      <subfield code="e">author</subfield>
   </datafield>
   <datafield ind2=" " ind1=" " tag="720">
      <subfield code="a">Guian, Zokoe</subfield>
      <subfield code="e">author</subfield>
   </datafield>
   <datafield ind2=" " ind1=" " tag="720">
      <subfield code="a">Fa, Julia E.</subfield>
      <subfield code="e">author</subfield>
   </datafield>
   <datafield ind2=" " ind1=" " tag="260">
      <subfield code="c">2018-12-22</subfield>
   </datafield>
   <datafield ind2=" " ind1=" " tag="520">
      <subfield code="a">Protected areas (PAs) are currently the cornerstones for biodiversity conservation in many regions of the world.&#xd;
Within Africa's moist forest areas, however, numerous PAs are under significant threats from anthropogenic&#xd;
activities. Adequate technical and human resources are required to manage the wildlife within PAs satisfactorily.&#xd;
SMART (Spatial Monitoring And Reporting Tool) software has been developed to aid in fluidly displaying,&#xd;
managing, and reporting on ranger patrol data. These data can be analysed using spatial modelling to inform&#xd;
decision-making. Here we use Favourability Function modelling to generate risk maps from the data gathered on&#xd;
threats (fire, poaching and deforestation) and the presence of Western gorilla (Gorilla gorilla gorilla), chimpanzee&#xd;
(Pan troglodytes) and African forest elephant (Loxodonta cyclotis) in the Dja Forest Reserve (DFR), southern&#xd;
Cameroon. We show that the more favourable areas for the three study species are found within the core of the&#xd;
DFR, particularly for elephant. Favourable areas for fires and deforestation are mostly along the periphery of the&#xd;
reserve, but highly favourable areas for poaching are concentrated in the middle of the reserve, tracking the&#xd;
favourable areas for wildlife. Models such as the ones we use here can provide valuable insights to managers to&#xd;
highlight vulnerable areas within protected areas and guide actions on the ground.</subfield>
   </datafield>
   <datafield ind1="8" ind2=" " tag="024">
      <subfield code="a">Farfán, M. A., Aliaga-Samanez, A., Olivero, J., Williams, D., Dupain, J., Guian, Z. y Fa, J. (2019). Spatial modelling for predicting potential wildlife distributions and human impacts in the Dja Forest Reserve, Cameroon. Biological Conservation, 230: 104-112. https://doi.org/10.1016/j.biocon.2018.12.015</subfield>
   </datafield>
   <datafield ind1="8" ind2=" " tag="024">
      <subfield code="a">https://hdl.handle.net/10630/29881</subfield>
   </datafield>
   <datafield ind1="8" ind2=" " tag="024">
      <subfield code="a">10.1016/j.biocon.2018.12.015</subfield>
   </datafield>
   <datafield tag="653" ind2=" " ind1=" ">
      <subfield code="a">Simios - Protección</subfield>
   </datafield>
   <datafield tag="653" ind2=" " ind1=" ">
      <subfield code="a">Elefantes - Protección</subfield>
   </datafield>
   <datafield tag="653" ind2=" " ind1=" ">
      <subfield code="a">Espacios naturales protegidos - Camerún - Modelos matemáticos</subfield>
   </datafield>
   <datafield ind2="0" ind1="0" tag="245">
      <subfield code="a">Spatial modelling for predicting potential wildlife distributions and human impacts in the Dja Forest Reserve, Cameroon.</subfield>
   </datafield>
</record>
</metadata></record></GetRecord></OAI-PMH>